000 00914nam a2200289Ia 4500
003 OSt
005 20221006160511.0
006 a|||||r|||| 00| 0
007 ta
008 221006b |||||||| |||| 00| 0 eng d
020 _a9780199964291
_c
_15.00 (each)
024 _a45,333
037 _bGift, KCC (Window on Korea)
_cTextual
040 _aEASL
_cEASL
_beng
041 _2eng
_aeng
082 _aV4952:19(W), Q3;1
100 _aLankov Andrei
_9671707
245 0 _aReal North Korea
_b Life and politics in the failed Stalinist utopia
260 _aOxford
_bOxford University Press America
_c2013
300 _a283p.
_ccm.
490 _v KEL
650 _a KEL
650 _a Korea - Foregn relations
_9673909
650 _aKorea - Politics and government
_9647107
942 _hV4952:19(W), Q3;1
_cTEXL
_2CC
999 _c1113425
_d1113425